Statistics for Ballon d'or Top10 (2003-2011)

Click here to take the quiz!

General Stats

  • This quiz has been taken 341 times
  • The average score is 28 of 43

Answer Stats

Answer% Correct
Cristiano Ronaldo
99%
Lionel Messi
99%
Andres Iniesta
96%
Xavi
96%
Kaka
91%
Ronaldinho
89%
Luis Suarez
87%
Thierry Henry
86%
Zinédine Zidane
85%
Fabio Cannavaro
83%
Pavel Nedved
83%
Diego Forlan
82%
Wayne Rooney
82%
Gianluigi Buffon
81%
Andreï Shevchenko
78%
Steven Gerrard
78%
Frank Lampard
77%
Fernando Torres
76%
Iker Casillas
76%
Paolo Maldini
75%
Samuel Eto'o
72%
David Villa
71%
Andrea Pirlo
69%
Didier Drogba
66%
Neymar
65%
Deco
60%
David Beckham
59%
Raul
58%
Ruud Van Nistelrooy
58%
Xabi Alonso
54%
Roberto Carlos
51%
Zlatan Ibrahimovic
51%
Francesco Totti
47%
Andrei Archavine
44%
John Terry
39%
Cesc Fabregas
38%
Miroslav Klose
37%
Wesley Sneijder
35%
Robinho
32%
Adriano
30%
Ricardo Carvalho
20%
Jens Lehmann
17%
Theodoros Zagorakis
9%

Score Distribution

Percentile by Number Answered

Percent of People with Each Score

Your Score History

You have not taken this quiz